Zborník príspevkov zo VII. vedeckej konferencie s medzinárodnou účasťou, 22.-24. mája 2002, Košice Sekcia č. 3 Betónové a murované konštrukcie a mosty

Bibliographic Details
Corporate Author: Technická univerzita v Košiciach. Stavebná fakulta. Vedecká konferencia (Author)
Other Authors: Huba, Peter, 1949- (Editor), Bajzecer, Anton, 1977- (Editor)
Format: Book
Language:Slovak
PhysicalDescription:182 s. grafy, fotogr., sch., tab. 21 cm
Published: V Košiciach Technická univerzita 2002
ISBN:8070998091
Edition:1. vyd.
Subjects:

MARC

LEADER 00000cam a2200000 a 4500
001 vtls001446696
003 SK-MaSNL
005 20260302002154.0
008 250414s2002 xo a fr 10000 slo
015 |a SNBA2004/03-02294 
020 |a 8070998091 
035 |a SNK000401949 
035 |a urn:nbn:sk:snk-amjt0f 
035 |a urn:nbn:sk:snk:ar-0092uj 
035 |a 1f46be8e-3c79-4a5e-af20-cffa47eb730d 
040 |a SNK  |b slo  |c SNK  |e AACR2 
041 0 |a slo 
044 |a xo  |c SK 
072 7 |a 624  |2 konspekt 
080 |a 624.012.3/.4  |2 1981 
080 |a 624.2/.8  |2 1981 
080 |a (063)  |2 1981 
110 2 |a Technická univerzita v Košiciach.  |b Stavebná fakulta.  |b Vedecká konferencia  |n (7. :  |d 2002 :  |c Košice, Slovensko)  |4 aut  |9 393360 
245 0 0 |a Zborník príspevkov zo VII. vedeckej konferencie s medzinárodnou účasťou, 22.-24. mája 2002, Košice  |n Sekcia č. 3  |p Betónové a murované konštrukcie a mosty  |c [redakčne upravil: Peter Huba, Anton Bajzecer] 
250 |a 1. vyd. 
260 |a V Košiciach  |b Technická univerzita  |c 2002 
300 |a 182 s.  |b grafy, fotogr., sch., tab.  |c 21 cm 
500 |a Čiast. text angl. a čes. 
500 |a 50 výt. 
504 |a Bibliogr. odkazy. Res. angl. 
650 0 7 |a stavebné konštrukcie  |2 SNKPH  |9 3695 
650 0 7 |a mosty  |2 SNKPH  |9 3015 
655 7 |a zborníky konferencií  |2 SNKPH  |9 70153 
655 7 |a issue_zb  |2 SNK  |9 276493 
700 1 |a Huba, Peter,  |d 1949-  |4 edt  |9 98625 
700 1 |a Bajzecer, Anton,  |d 1977-  |4 edt  |9 48510 
852 |a Slovenská národná knižnica 
919 |a 80-7099-809-1 
954 |a odborná, vedecká literatúra pôvodná (slovenská)  |2 lita 
954 |a odborná, vedecká literatúra cudzojazyčná (svetová)  |2 lita 
958 |a ART 
958 |a NB 
958 |a OND 
968 |d 62 
999 |c 986906  |d 988836 
952 |t P60, <03>, [BOOK], {603}  |a SNK  |b SNK  |y PREZ  |7 0  |p 17A0365845  |o snkSC 110236/[3]  |i snkKSP 15297/2002  |0 0  |1 0  |4 0  |d 2002-12-18  |l 0  |r 2025-09-30 00:00:00  |w 2026-02-24 
952 |t snkZBO 624.2/.8  |a SNKUST  |b SNKUST  |y PREZ  |7 0  |p 17A0365846  |o snkSC 110236/[3] D1  |i snkKSP 15298/2002  |0 0  |1 0  |4 0  |d 2002-12-18  |l 0  |r 2025-04-29 00:00:00  |w 2026-02-24